[Event "Euskadi-ch (Women)"]
[Site "Bilbao"]
[Date "2011.07.03"]
[Round "5"]
[White "Laseca Arana, Irati"]
[Black "Cucarella Montell, Angels"]
[Result "0-1"]
[WhiteElo "1478"]
[BlackElo "1938"]
[PlyCount "70"]
[EventDate "2011.07.01"]
[EventType "swiss"]
[EventRounds "5"]
[EventCountry "ESP"]
[SourceTitle "EXT 2024"]
[Source "ChessBase"]
[SourceDate "2023.10.10"]
[SourceVersion "1"]
[SourceVersionDate "2023.10.10"]
[SourceQuality "1"]

1. e4 d6 2. b3 Nf6 3. Nc3 g6 4. Bb2 Bg7 5. Nd5 Nbd7 6. Nf3 0-0 7. Bd3 c6 8. Nxf6+ Nxf6 9. 0-0 e5 10. Ba3 Re8 11. Re1 Qc7 12. c3 a6 13. Bc2 d5 14. Bb2 dxe4 15. Bxe4 Nxe4 16. Rxe4 Bf5 17. Re1 Rad8 18. Nh4 Bc8 19. c4 e4 20. Bxg7 Kxg7 21. g3 Qd6 22. Kf1 Qxd2 23. Qxd2 Rxd2 24. Re2 Bh3+ 25. Ke1 Rxe2+ 26. Kxe2 g5 27. Rg1 gxh4 28. gxh4+ Kf6 29. Ke3 Bf5 30. Rd1 Re7 31. a3 Bg4 32. Rd6+ Ke5 33. Rd4 Bf5 34. b4 Rd7 35. Rxd7 Bxd7 0-1

[Event "La Roda op 37th"]
[Site "La Roda"]
[Date "2010.03.31"]
[Round "1"]
[White "Cucarella Montell, Angels"]
[Black "Granero Roca, Antonio"]
[Result "0-1"]
[WhiteElo "1983"]
[BlackElo "2447"]
[PlyCount "48"]
[EventDate "2010.03.31"]
[EventType "swiss"]
[EventRounds "9"]
[EventCountry "ESP"]
[SourceTitle "CBM 135 Extra"]
[Source "ChessBase"]
[SourceDate "2010.05.04"]
[SourceVersion "1"]
[SourceVersionDate "2010.05.04"]
[SourceQuality "1"]

1. e4 c6 2. Nc3 d5 3. Qf3 e6 4. Qg3 Nd7 5. d4 Ne7 6. Bg5 h6 7. Bd2 dxe4 8. Nxe4 Nf5 9. Qc3 Be7 10. 0-0-0 Nb6 11. Nf3 Qd5 12. Nc5 Qxa2 13. b3 Nd5 14. Qb2 Qxb2+ 15. Kxb2 Nxd4 16. Nxd4 Bxc5 17. Ba5 Bb6 18. Be1 e5 19. Nf3 f6 20. c4 Nf4 21. h3 0-0 22. g3 Ne6 23. b4 c5 24. Bg2 Rd8 0-1